[Event "Ceske sachove vanoce 2004"]
[Site "Litomysl"]
[Date "2004.12.26"]
[Round "1.3"]
[White "Manik, Mikulas"]
[Black "Lips, Frantisek"]
[Result "1-0"]
[WhiteElo "2510"]
[BlackElo "2102"]
[PlyCount "69"]
[EventDate "2004.12.26"]

1. e4 e6 2. d4 d5 3. Nd2 dxe4 4. Nxe4 Nd7 5. Nf3 Ngf6 6. Bd3 Nxe4 7. Bxe4 Nf6
8. Bg5 Be7 9. Bd3 O-O 10. O-O b6 11. Qe2 Bb7 12. Rad1 Bxf3 13. Qxf3 Qd5 14.
Qxd5 Nxd5 15. Bd2 Rad8 16. a3 c5 17. dxc5 Bxc5 18. Bg5 Be7 19. Bc1 Rd7 20. Bb5
Rc7 21. c4 Nf6 22. b4 Rcc8 23. Ba6 Rcd8 24. Bf4 Rxd1 25. Rxd1 Rd8 26. Rxd8+
Bxd8 27. Bb8 Kf8 28. Bxa7 Ke7 29. c5 bxc5 30. Bxc5+ Kd7 31. Bb5+ Kc7 32. f3 Nd7
33. Bxd7 Kxd7 34. b5 Ba5 35. Kf2 1-0

[Event "Ceske sachove vanoce 2004"]
[Site "Litomysl"]
[Date "2004.12.26"]
[Round "1.5"]
[White "Laznicka, Viktor"]
[Black "Zeman, Arnost"]
[Result "1-0"]
[WhiteElo "2478"]
[BlackElo "2100"]
[PlyCount "81"]
[EventDate "2004.12.26"]

1. e4 c5 2. Nf3 g6 3. c4 Bg7 4. d4 cxd4 5. Nxd4 Nf6 6. Nc3 O-O 7. Be2 d6 8. Be3
Nbd7 9. O-O Nc5 10. f3 Ne6 11. Nc2 Bd7 12. Qd2 a6 13. Rfd1 Qc7 14. Rac1 Rae8
15. Nd5 Qb8 16. Nb6 Bc6 17. Nb4 Rd8 18. N4d5 Rfe8 19. b4 Nf8 20. a4 N8d7 21.
Nxf6+ Nxf6 22. b5 axb5 23. cxb5 Bd7 24. a5 Be6 25. Bd4 Bb3 26. Re1 e5 27. Bf2
d5 28. Qb2 Bc4 29. Nxc4 dxc4 30. Bxc4 Bh6 31. Rcd1 Rxd1 32. Rxd1 Qc7 33. Bf1
Qxa5 34. Rd6 Kg7 35. g3 Qc7 36. Rd3 Rc8 37. b6 Qe7 38. Rc3 Rd8 39. Rc7 Rd7 40.
Qc3 Bd2 41. Qxd2 1-0

[Event "Ceske sachove vanoce 2004"]
[Site "Litomysl"]
[Date "2004.12.26"]
[Round "1.7"]
[White "Plachetka, Jan"]
[Black "Kastner, Kamil"]
[Result "1-0"]
[WhiteElo "2435"]
[BlackElo "2091"]
[PlyCount "59"]
[EventDate "2004.12.26"]

1. d4 e6 2. e4 d5 3. Nd2 Nf6 4. Bd3 dxe4 5. Nxe4 Nxe4 6. Bxe4 c5 7. Nf3 Nd7 8.
O-O Nf6 9. Bd3 Be7 10. dxc5 Bxc5 11. b3 O-O 12. Bb2 b6 13. Ng5 h6 14. Bxf6 Qxf6
15. Nh7 Qh4 16. Nxf8 Kxf8 17. Qf3 Rb8 18. Rad1 Bd6 19. g3 Qg5 20. Bg6 Qxg6 21.
Rxd6 Bb7 22. Qf4 Re8 23. Rfd1 Qf6 24. Qxf6 gxf6 25. c4 f5 26. Rd8 Rxd8 27.
Rxd8+ Ke7 28. Rh8 Be4 29. a3 Bc2 30. b4 1-0

[Event "Ceske sachove vanoce 2004"]
[Site "Litomysl"]
[Date "2004.12.26"]
[Round "1.8"]
[White "Ruzicka, Milan"]
[Black "Neuman, Petr"]
[Result "0-1"]
[WhiteElo "2069"]
[BlackElo "2433"]
[PlyCount "77"]
[EventDate "2004.12.26"]

1. d4 d6 2. e4 Nf6 3. Nc3 e5 4. dxe5 dxe5 5. Qxd8+ Kxd8 6. Bg5 Be6 7. O-O-O+
Nbd7 8. Nf3 Kc8 9. Bb5 c6 10. Ba4 Bb4 11. Bxf6 gxf6 12. Bb3 Nc5 13. Bxe6+ fxe6
14. Rhe1 Bxc3 15. bxc3 Kc7 16. Nd2 Rhg8 17. g3 Rad8 18. f3 b5 19. Nb1 Rxd1+ 20.
Rxd1 f5 21. exf5 exf5 22. Re1 Kd6 23. Kd2 h5 24. Ke3 h4 25. Kf2 hxg3+ 26. hxg3
Rh8 27. Kg2 Na4 28. a3 Ke6 29. Rd1 Nb6 30. Rh1 Rxh1 31. Kxh1 Nc4 32. Kg1 e4 33.
Kf2 e3+ 34. Ke2 f4 35. g4 a5 36. Kd3 a4 37. Ke2 c5 38. Kd3 Ne5+ 39. Ke2 0-1

[Event "Ceske sachove vanoce 2004"]
[Site "Litomysl"]
[Date "2004.12.26"]
[Round "1.9"]
[White "Velicka, Petr"]
[Black "Bakalar, Jan"]
[Result "1-0"]
[WhiteElo "2427"]
[BlackElo "2068"]
[PlyCount "89"]
[EventDate "2004.12.26"]

1. e4 c5 2. Nf3 e6 3. b3 Nf6 4. e5 Nd5 5. Bb2 Nc6 6. g3 Be7 7. c4 Ndb4 8. a3
Na6 9. Bg2 O-O 10. O-O Rb8 11. d4 cxd4 12. Nxd4 Nxd4 13. Bxd4 b6 14. Nc3 Bb7
15. Ne4 f5 16. exf6 gxf6 17. Qg4+ Kh8 18. Qh5 e5 19. Bc3 Nc5 20. Rfe1 d6 21.
Rab1 Ne6 22. Rbd1 Qc7 23. Bb2 Ng7 24. Qe2 Bxe4 25. Qxe4 b5 26. cxb5 Rxb5 27. b4
a5 28. Qc6 Qb8 29. Qd7 Bd8 30. Bc6 Rb6 31. b5 Bc7 32. a4 Qd8 33. Qh3 Qe7 34.
Bd5 f5 35. Rc1 Rbb8 36. Rc6 Bb6 37. Ba3 Bc5 38. Bxc5 dxc5 39. Rh6 Ne8 40. Rxe5
Qg7 41. Rxf5 Rf6 42. Rhxf6 Nxf6 43. Qh4 Rf8 44. Bc4 Rd8 45. Qxf6 1-0

[Event "Ceske sachove vanoce 2004"]
[Site "Litomysl"]
[Date "2004.12.26"]
[Round "1.10"]
[White "Endler, Boris"]
[Black "Zawadzki, Stanislaw"]
[Result "0-1"]
[WhiteElo "2060"]
[BlackElo "2398"]
[PlyCount "38"]
[EventDate "2004.12.26"]

1. e4 c5 2. c3 g6 3. Nf3 Bg7 4. Bc4 Qc7 5. O-O d6 6. Bb5+ Bd7 7. Bxd7+ Nxd7 8.
d4 Ngf6 9. Nbd2 cxd4 10. cxd4 O-O 11. Re1 Rac8 12. Qe2 e6 13. Nf1 d5 14. e5 Ne4
15. Bf4 Qb6 16. Rac1 Nb8 17. Rc2 Nc6 18. Rec1 Rce8 19. Be3 Nb4 0-1

[Event "Ceske sachove vanoce 2004"]
[Site "Litomysl"]
[Date "2004.12.26"]
[Round "1.11"]
[White "Kanovsky, David"]
[Black "Vanek, Tomas"]
[Result "1-0"]
[WhiteElo "2392"]
[BlackElo "2060"]
[PlyCount "67"]
[EventDate "2004.12.26"]

1. e4 e5 2. Nf3 Nc6 3. Bb5 a6 4. Ba4 Nf6 5. O-O Be7 6. Re1 b5 7. Bb3 d6 8. c3
O-O 9. d4 Bg4 10. d5 Na5 11. Bc2 c6 12. h3 Bd7 13. Nxe5 dxe5 14. d6 h6 15. dxe7
Qxe7 16. Nd2 Rfd8 17. Qf3 c5 18. Nf1 Nb7 19. Ne3 Re8 20. Bd2 Rad8 21. Rad1 c4
22. Nd5 Nxd5 23. exd5 f5 24. Qg3 g5 25. f4 Qg7 26. fxe5 f4 27. Qf2 Rxe5 28.
Rxe5 Qxe5 29. Qb6 Bf5 30. Re1 Qd6 31. Qxb7 Bxc2 32. Re6 Qxd5 33. Re8+ Rxe8 34.
Qxd5+ 1-0

[Event "Ceske sachove vanoce 2004"]
[Site "Litomysl"]
[Date "2004.12.26"]
[Round "1.12"]
[White "Vinklarek, Ondrej"]
[Black "Bernasek, Jan"]
[Result "0-1"]
[WhiteElo "2055"]
[BlackElo "2384"]
[PlyCount "102"]
[EventDate "2004.12.26"]

1. e4 c5 2. Nc3 e6 3. f4 Nc6 4. Nf3 d6 5. Bc4 Nf6 6. O-O Be7 7. Kh1 O-O 8. Be2
a6 9. a4 Qc7 10. d4 cxd4 11. Nxd4 Na5 12. Qd3 Bd7 13. g4 Nc6 14. g5 Ne8 15. Be3
Nxd4 16. Bxd4 Bc6 17. Kg1 e5 18. Be3 exf4 19. Bxf4 Qd8 20. Qg3 Nc7 21. h4 Ne6
22. Be3 Nc5 23. Bxc5 dxc5 24. Rad1 Qb8 25. Qg4 Bd6 26. h5 Kh8 27. Rf2 Be5 28.
Rf3 Bd4+ 29. Kg2 Qe5 30. Rf5 Qe8 31. Nd5 Bd7 32. c3 Bxf5 33. exf5 Be5 34. Bf3
f6 35. h6 gxh6 36. g6 hxg6 37. fxg6 f5 38. Qh3 Kg7 39. Kf2 Qe6 40. Rh1 Rh8 41.
Ne3 Bg3+ 42. Kxg3 Qxe3 43. Qxf5 Qg5+ 44. Qxg5 hxg5 45. Rxh8 Rxh8 46. Bxb7 a5
47. Bc6 Kxg6 48. Kf3 Rh4 49. Be4+ Kf6 50. b4 cxb4 51. cxb4 Ke5 0-1

[Event "Ceske sachove vanoce 2004"]
[Site "Litomysl"]
[Date "2004.12.26"]
[Round "1.13"]
[White "Splosnov, Sergei"]
[Black "Mejzlik, Ondrej"]
[Result "1-0"]
[WhiteElo "2367"]
[BlackElo "2054"]
[PlyCount "103"]
[EventDate "2004.12.26"]

1. Nf3 d5 2. d4 e6 3. g3 Bd6 4. Bg2 Nf6 5. O-O O-O 6. c4 c5 7. cxd5 exd5 8. Nc3
Be6 9. Bg5 Nc6 10. Rc1 cxd4 11. Nxd4 h6 12. Bxf6 Qxf6 13. Ndb5 Be5 14. Nxd5
Bxd5 15. Qxd5 Bxb2 16. Rcd1 Rad8 17. Qc4 a6 18. Bxc6 Qxc6 19. Qxc6 bxc6 20. Nd6
Bf6 21. Nc4 Rd5 22. Rc1 Rb8 23. Rc2 Rdb5 24. Kg2 Be7 25. Rfc1 f6 26. e4 a5 27.
a4 Rc5 28. Ne3 Rxc2 29. Rxc2 Rb4 30. Rc4 Kf7 31. Kf3 Rxc4 32. Nxc4 Bb4 33. Ke3
Ke6 34. f4 g6 35. g4 Ke7 36. Kd4 h5 37. gxh5 gxh5 38. h3 Kf7 39. f5 Ke7 40. Ke3
Bc3 41. Kf4 Bb4 42. Ke3 Bc3 43. Kd3 Bb4 44. Kd4 Kf7 45. e5 Ke7 46. e6 Ke8 47.
Nxa5 Bxa5 48. Kc5 Kd8 49. Kxc6 Bb4 50. Kb6 Kc8 51. a5 Kb8 52. a6 1-0

[Event "Ceske sachove vanoce 2004"]
[Site "Litomysl"]
[Date "2004.12.26"]
[Round "1.14"]
[White "Motyl, Tomasz"]
[Black "Luch, Michal"]
[Result "0-1"]
[WhiteElo "2049"]
[BlackElo "2364"]
[PlyCount "74"]
[EventDate "2004.12.26"]

1. d4 Nf6 2. c4 g6 3. Nc3 Bg7 4. Nf3 O-O 5. Bg5 d6 6. e3 c5 7. Be2 Nc6 8. O-O
h6 9. Bh4 g5 10. Bg3 Nh5 11. dxc5 Nxg3 12. hxg3 dxc5 13. Qc2 Qa5 14. Rac1 f5
15. Rfd1 Be6 16. a3 Rad8 17. Rxd8 Qxd8 18. Nd5 Bc8 19. Rd1 e6 20. Nb4 Nxb4 21.
axb4 Qf6 22. bxc5 Qxb2 23. Qd3 Bf6 24. Rd2 Qa1+ 25. Kh2 Qa5 26. Nd4 Rd8 27. Rb2
Qxc5 28. Rb5 Qc7 29. Rb1 a6 30. c5 Qxc5 31. Qb3 Bxd4 32. exd4 Qxd4 33. Rd1 Qf6
34. Bc4 Rxd1 35. Qxd1 Qe7 36. Qh5 Kh7 37. Qd1 b5 0-1

[Event "Ceske sachove vanoce 2004"]
[Site "Litomysl"]
[Date "2004.12.26"]
[Round "1.16"]
[White "Benda, Robert"]
[Black "Michenka, Josef"]
[Result "0-1"]
[WhiteElo "2024"]
[BlackElo "2350"]
[PlyCount "54"]
[EventDate "2004.12.26"]

1. b3 d5 2. Bb2 c5 3. e3 Nc6 4. d3 e5 5. Nd2 Bd6 6. Ne2 Nge7 7. g3 O-O 8. Bg2
Be6 9. h3 Qd7 10. a3 Rac8 11. e4 Bc7 12. g4 Ba5 13. Ng3 Ng6 14. O-O Nf4 15. Nf3
f6 16. Nh4 g6 17. Kh2 Qg7 18. Rg1 Qh6 19. exd5 Bxd5 20. Nf3 Bc7 21. Bc1 Nd4 22.
Bxf4 exf4 23. Nf1 Rfe8 24. N1d2 Re2 25. c3 Rxd2 26. Qxd2 Bxf3 27. Qe1 Bxg2 0-1

[Event "Ceske sachove vanoce 2004"]
[Site "Litomysl"]
[Date "2004.12.26"]
[Round "1.17"]
[White "Plischki, Sebastian"]
[Black "Dlauchy, Peter"]
[Result "1-0"]
[WhiteElo "2346"]
[BlackElo "2024"]
[PlyCount "97"]
[EventDate "2004.12.26"]

1. d4 d5 2. c4 e6 3. Nc3 Nf6 4. Nf3 Nbd7 5. cxd5 exd5 6. Bg5 Be7 7. e3 O-O 8.
Bd3 Re8 9. Qc2 c6 10. h3 Nf8 11. Bf4 Ng6 12. Bh2 Bd6 13. Bxd6 Qxd6 14. O-O-O
Bd7 15. g4 Re7 16. Kb1 Rae8 17. Nd2 Bc8 18. g5 Nd7 19. h4 b5 20. h5 Ngf8 21.
Ne2 Nb6 22. Nb3 Bg4 23. Nc5 Nc4 24. Rdg1 Bxe2 25. Qxe2 g6 26. b3 Na3+ 27. Kb2
b4 28. Qf3 Nb5 29. Bxb5 cxb5 30. Rc1 a5 31. Rh4 a4 32. Rf4 Nd7 33. Nxd7 Rxd7
34. Rf6 Qb8 35. h6 Qa8 36. bxa4 Qxa4 37. Qd1 Qa3+ 38. Kb1 Ra8 39. Qb3 Rda7 40.
Qxa3 Rxa3 41. Rfc6 Kf8 42. Rc8+ Rxc8 43. Rxc8+ Ke7 44. Rh8 Rd3 45. Rxh7 Rd2 46.
f4 Rh2 47. f5 gxf5 48. g6 Rg2 49. g7 1-0

[Event "Ceske sachove vanoce 2004"]
[Site "Litomysl"]
[Date "2004.12.26"]
[Round "1.18"]
[White "Krejcova, Katerina"]
[Black "Cernousek, Lukas"]
[Result "0-1"]
[WhiteElo "2024"]
[BlackElo "2343"]
[PlyCount "98"]
[EventDate "2004.12.26"]

1. e4 c5 2. Nf3 d6 3. d4 Nf6 4. Nc3 cxd4 5. Nxd4 g6 6. Be2 Bg7 7. Be3 Nc6 8.
Qd2 O-O 9. h4 d5 10. exd5 Nxd5 11. Nxc6 bxc6 12. Bd4 e5 13. Bc5 Re8 14. O-O-O
Be6 15. Ne4 h6 16. g4 f5 17. gxf5 gxf5 18. Nd6 Re7 19. Rhg1 Kh8 20. Rg6 Nf4 21.
Nf7+ Rxf7 22. Qxd8+ Rxd8 23. Rxd8+ Kh7 24. Rxg7+ Rxg7 25. Ba6 h5 26. Re8 Kg6
27. Re7 Rxe7 28. Bxe7 e4 29. Bd6 Ng2 30. Be7 f4 31. Bf1 f3 32. Kd2 Kf5 33. a4
Kg4 34. a5 e3+ 35. fxe3 Nxh4 36. Bc5 a6 37. Bxa6 Kg3 38. e4 f2 39. Bxf2+ Kxf2
40. Bb7 Nf3+ 41. Kc3 h4 42. a6 h3 43. a7 h2 44. a8=Q h1=Q 45. Qa7+ Kg2 46. Qe3
Qh8+ 47. Kd3 Qd8+ 48. Kc3 Qa5+ 49. Kd3 Qb5+ 0-1

[Event "Ceske sachove vanoce 2004"]
[Site "Litomysl"]
[Date "2004.12.26"]
[Round "1.19"]
[White "Novak, Pavel"]
[Black "Stodolova, Kristyna"]
[Result "1-0"]
[WhiteElo "2338"]
[BlackElo "2024"]
[PlyCount "99"]
[EventDate "2004.12.26"]

1. e4 Nf6 2. e5 Nd5 3. d4 d6 4. Bc4 c6 5. Qf3 e6 6. Ne2 Nd7 7. Qg3 dxe5 8. dxe5
Qc7 9. Bxd5 cxd5 10. Nbc3 a6 11. f4 g6 12. Be3 Bg7 13. h4 h5 14. Nd4 Nc5 15.
Nf3 O-O 16. Qf2 b6 17. O-O-O Bb7 18. Ng5 Rac8 19. Bd4 b5 20. a3 Qc6 21. g4 a5
22. gxh5 b4 23. Bxc5 Qxc5 24. Qxc5 Rxc5 25. Na4 Rc6 26. axb4 axb4 27. b3 Rfc8
28. Rh2 gxh5 29. Rg2 Ba6 30. Kb1 R6c7 31. Rdg1 Kh8 32. f5 Bxe5 33. fxe6 fxe6
34. Nxe6 Re7 35. Rg5 Bb8 36. Rxh5+ Rh7 37. Rgg5 Re8 38. Nac5 Bc8 39. Rxd5 Bxe6
40. Nxe6 Bg3 41. Rxh7+ Kxh7 42. Rh5+ Kg6 43. Rg5+ Kf6 44. Rxg3 Rxe6 45. Rg4 Rb6
46. Kc1 Rb5 47. Kd2 Ke6 48. Kd3 Kd6 49. Rg5 Rb8 50. h5 1-0

[Event "Ceske sachove vanoce 2004"]
[Site "Litomysl"]
[Date "2004.12.26"]
[Round "1.20"]
[White "Prachar, Josef"]
[Black "Kotan, Ladislav"]
[Result "0-1"]
[WhiteElo "2008"]
[BlackElo "2332"]
[PlyCount "84"]
[EventDate "2004.12.26"]

1. d4 d5 2. c4 e6 3. Nc3 Be7 4. cxd5 exd5 5. Nf3 Nf6 6. Bg5 c6 7. Qd2 g6 8. e3
Bf5 9. Bd3 Bxd3 10. Qxd3 O-O 11. O-O Nbd7 12. Bh6 Re8 13. h3 Bd6 14. Rab1 a5
15. a3 Qe7 16. Ne2 Ne4 17. Bf4 f5 18. Bxd6 Qxd6 19. Qc2 a4 20. Nf4 b5 21. Rbc1
Rec8 22. Nd3 Nb6 23. Nfe5 Nc4 24. Nxc4 bxc4 25. Nb4 f4 26. Qd1 Rf8 27. exf4
Rxf4 28. f3 Ng3 29. Re1 Qf6 30. Re5 Rxd4 31. Qe1 Rf4 32. Nxc6 Qxc6 33. Qxg3
Raf8 34. Rce1 Qb6+ 35. Kh2 Qxb2 36. Re8 Qd4 37. R1e7 c3 38. Qe1 c2 39. Qe6+ Kh8
40. Qd7 Rxf3 41. Rf7 R3xf7 42. Qxf7 Qe5+ 0-1

[Event "Ceske sachove vanoce 2004"]
[Site "Litomysl"]
[Date "2004.12.26"]
[Round "1.21"]
[White "Karlik, Vladimir"]
[Black "Walentukiewicz, Michal"]
[Result "1/2-1/2"]
[WhiteElo "2332"]
[BlackElo "1994"]
[PlyCount "56"]
[EventDate "2004.12.26"]

1. d4 g6 2. e4 Bg7 3. Nf3 c5 4. Nc3 cxd4 5. Nxd4 Nc6 6. Nde2 Nf6 7. g3 O-O 8.
Bg2 d6 9. O-O Rb8 10. a4 a6 11. h3 b5 12. axb5 axb5 13. Be3 Nd7 14. Rb1 b4 15.
Nd5 Ba6 16. b3 Qa5 17. Re1 Bxe2 18. Rxe2 Rfc8 19. h4 Nde5 20. Rd2 Qa2 21. c4
Qa5 22. Qe2 e6 23. Nf4 Qc7 24. Qd1 Rd8 25. Nd3 Nxd3 26. Rxd3 Bc3 27. Bh6 f6 28.
Bc1 e5 1/2-1/2

[Event "Ceske sachove vanoce 2004"]
[Site "Litomysl"]
[Date "2004.12.27"]
[Round "2.2"]
[White "Stocek, Jiri"]
[Black "Holemar, David"]
[Result "1-0"]
[WhiteElo "2569"]
[BlackElo "2326"]
[PlyCount "75"]
[EventDate "2004.12.26"]

1. c4 Nf6 2. Nc3 g6 3. d4 Bg7 4. e4 d6 5. h3 O-O 6. Bg5 c5 7. d5 a6 8. a4 Qa5
9. Bd2 e6 10. Nf3 Re8 11. Be2 exd5 12. exd5 Qc7 13. O-O Nbd7 14. Re1 Ne5 15.
Nxe5 Rxe5 16. Bf4 Re8 17. Bd3 Rxe1+ 18. Qxe1 Bf5 19. Bxf5 gxf5 20. Qd2 Re8 21.
Bh6 Ne4 22. Nxe4 fxe4 23. Bxg7 Kxg7 24. Qg5+ Kh8 25. Qf6+ Kg8 26. Ra3 e3 27.
Rxe3 Rxe3 28. Qg5+ Kf8 29. Qxe3 Qd7 30. Qh6+ Ke7 31. Qg5+ Kf8 32. b3 b5 33.
axb5 axb5 34. cxb5 Ke8 35. Qg8+ Ke7 36. Qxh7 Qxb5 37. Qh4+ Ke8 38. Qa4 1-0

[Event "Ceske sachove vanoce 2004"]
[Site "Litomysl"]
[Date "2004.12.27"]
[Round "2.3"]
[White "Kantorik, Marian"]
[Black "Manik, Mikulas"]
[Result "0-1"]
[WhiteElo "2324"]
[BlackElo "2510"]
[PlyCount "107"]
[EventDate "2004.12.26"]

1. d4 Nf6 2. c4 e6 3. Nc3 Bb4 4. Qc2 O-O 5. a3 Bxc3+ 6. Qxc3 b6 7. Bg5 Bb7 8.
e3 h6 9. Bh4 d6 10. f3 Nbd7 11. Bd3 c5 12. dxc5 bxc5 13. Ne2 a5 14. O-O Ne5 15.
Rad1 Ba6 16. Nc1 Nxd3 17. Nxd3 Nd5 18. Qe1 Ne7 19. Nxc5 Bxc4 20. Rf2 Qc7 21.
Rc2 d5 22. Nd3 Nc6 23. Rc3 a4 24. e4 Rab8 25. Rd2 Rb5 26. exd5 exd5 27. Bg3 Qb7
28. Qf2 Re8 29. h4 Bxd3 30. Rcxd3 d4 31. Rc2 Re6 32. Rdd2 Rb3 33. Kh2 Qb5 34.
Rc1 Rbe3 35. Qf1 Qf5 36. Qc4 Ne5 37. Qxd4 Nxf3+ 38. gxf3 Re2+ 39. Rxe2 Rxe2+
40. Kg1 Qxf3 41. Bf2 Re4 42. Qd8+ Kh7 43. Rc3 Rg4+ 44. Kf1 Qg2+ 45. Ke2 f5 46.
h5 Re4+ 47. Re3 Rf4 48. Qe8 Rxf2+ 49. Kd3 Qd5+ 50. Kc3 Qc5+ 51. Kd3 Qd5+ 52.
Kc3 Qb3+ 53. Kd4 Rd2+ 54. Ke5 0-1

[Event "Ceske sachove vanoce 2004"]
[Site "Litomysl"]
[Date "2004.12.27"]
[Round "2.4"]
[White "Votava, Jan"]
[Black "Groetz, Harald"]
[Result "1-0"]
[WhiteElo "2505"]
[BlackElo "2299"]
[PlyCount "111"]
[EventDate "2004.12.26"]

1. d4 d5 2. Nf3 Nf6 3. g3 g6 4. Bg2 Bg7 5. O-O O-O 6. c4 c6 7. b3 Bf5 8. Nc3
Ne4 9. Bb2 Nxc3 10. Bxc3 Be4 11. e3 Nd7 12. Qe2 e6 13. Rfc1 Re8 14. cxd5 exd5
15. b4 Nb6 16. b5 cxb5 17. Qxb5 Qd7 18. Qxd7 Nxd7 19. Bb4 Rec8 20. Nd2 Bxg2 21.
Kxg2 Nb6 22. Kf3 f5 23. h3 Kf7 24. g4 Ke6 25. Ke2 Rxc1 26. Rxc1 Rc8 27. Rb1 Rc2
28. Ra1 Na4 29. Kd3 Rc7 30. Rb1 b6 31. Nf3 Bf6 32. Bd2 a6 33. Rb4 b5 34. Rb1
Rc8 35. Ba5 Rc6 36. Ne1 Be7 37. Nc2 Rc8 38. f3 Rc4 39. Bd2 Rc8 40. Ba5 Rc4 41.
Bd2 Rc8 42. Rb3 Rc4 43. Ne1 Nb6 44. Ba5 Nd7 45. Nc2 fxg4 46. hxg4 Ra4 47. Bb4
Rxa2 48. Bxe7 Kxe7 49. Nb4 Rf2 50. f4 Kd6 51. Nxa6 Ra2 52. Nb4 Rg2 53. Rc3 Rxg4
54. Rc6+ Ke7 55. Nxd5+ Kf7 56. Rc7 1-0

[Event "Ceske sachove vanoce 2004"]
[Site "Litomysl"]
[Date "2004.12.27"]
[Round "2.5"]
[White "Krejci, Jakub"]
[Black "Laznicka, Viktor"]
[Result "0-1"]
[WhiteElo "2257"]
[BlackElo "2478"]
[PlyCount "98"]
[EventDate "2004.12.26"]

1. e4 c5 2. Nf3 Nc6 3. d4 cxd4 4. Nxd4 Qb6 5. Nb3 Nf6 6. Nc3 e6 7. Be3 Qc7 8.
Qd2 a6 9. f3 d6 10. g4 Be7 11. O-O-O Nd7 12. g5 b5 13. Kb1 Rb8 14. h4 b4 15.
Ne2 Bb7 16. Ned4 Nce5 17. h5 d5 18. Qg2 Nc4 19. Bxc4 dxc4 20. Nc1 Nc5 21. g6
Bf6 22. gxf7+ Kxf7 23. Nce2 Rbd8 24. Rhg1 e5 25. Nf5 Ne6 26. Qf2 Rxd1+ 27. Rxd1
Rd8 28. Rg1 Rd7 29. Qg3 Qd8 30. Qe1 a5 31. c3 b3 32. a3 Ng5 33. Bxg5 Bxg5 34.
Nc1 Rd2 35. Ne3 Bxe3 36. Qxe3 Rd1 37. Rxd1 Qxd1 38. h6 g6 39. Ka1 Qc2 40. Qg5
Bc8 41. Qe3 Bd7 42. Qg5 Be6 43. Qe3 Bd7 44. f4 Bc6 45. fxe5 Bxe4 46. Qa7+ Ke6
47. Qb6+ Kf5 48. Qf6+ Kg4 49. Qe6+ Kg3 0-1

[Event "Ceske sachove vanoce 2004"]
[Site "Litomysl"]
[Date "2004.12.27"]
[Round "2.6"]
[White "Blatny, Pavel"]
[Black "Blazkova, Petra"]
[Result "1-0"]
[WhiteElo "2454"]
[BlackElo "2214"]
[PlyCount "83"]
[EventDate "2004.12.26"]

1. b3 e5 2. Bb2 Nc6 3. e3 d5 4. Bb5 Bd6 5. f4 Qh4+ 6. g3 Qe7 7. Nf3 Bg4 8. fxe5
Bxe5 9. Bxe5 Bxf3 10. Qxf3 Qxe5 11. d4 Qe6 12. O-O Nf6 13. c4 O-O-O 14. Bxc6
Qxc6 15. Nc3 Rhe8 16. Nxd5 Nxd5 17. cxd5 Qxd5 18. Qxd5 Rxd5 19. Rxf7 Rxe3 20.
Rxg7 Rd7 21. Rg8+ Rd8 22. Rxd8+ Kxd8 23. Rf1 Ke7 24. Rf5 Re6 25. Kf2 Ra6 26. a4
Rd6 27. Ke3 Rh6 28. Rb5 b6 29. h4 Rg6 30. Kf4 Rd6 31. Ke4 Rg6 32. Rg5 Rxg5 33.
hxg5 c6 34. Ke5 a6 35. d5 cxd5 36. Kxd5 Kd7 37. b4 Kc7 38. Ke6 Kc6 39. Kf7 b5
40. axb5+ Kxb5 41. Kg7 Kxb4 42. Kxh7 1-0

[Event "Ceske sachove vanoce 2004"]
[Site "Litomysl"]
[Date "2004.12.27"]
[Round "2.7"]
[White "Kovar, Vojtech"]
[Black "Plachetka, Jan"]
[Result "0-1"]
[WhiteElo "2210"]
[BlackElo "2435"]
[PlyCount "88"]
[EventDate "2004.12.26"]

1. e4 e5 2. f4 Bc5 3. Nf3 d6 4. Nc3 Nf6 5. Bc4 Nc6 6. d3 a6 7. fxe5 dxe5 8. Bg5
h6 9. Bxf6 Qxf6 10. Nd5 Qd6 11. Qd2 Be6 12. Bb3 O-O-O 13. Ne3 Nd4 14. Nxd4 Qxd4
15. Ke2 Qxb2 16. Rab1 Qd4 17. Rhf1 Bxb3 18. Rxb3 Qxe3+ 19. Qxe3 Bxe3 20. Kxe3
f6 21. Rfb1 b6 22. c3 Rd6 23. d4 exd4+ 24. cxd4 Re8 25. Re1 Rxe4+ 26. Kxe4 Re6+
27. Kf5 Rxe1 28. Kg6 Re2 29. Rg3 Rxa2 30. Kxg7 b5 31. Kxh6 b4 32. h4 Ra3 33.
Rg8+ Kb7 34. Re8 Rg3 35. h5 a5 36. d5 b3 37. Kh7 b2 38. Re1 a4 39. d6 cxd6 40.
h6 a3 41. Kh8 a2 42. h7 Rg6 43. g4 a1=Q 44. Re7+ Kc6 0-1

[Event "Ceske sachove vanoce 2004"]
[Site "Litomysl"]
[Date "2004.12.27"]
[Round "2.8"]
[White "Neuman, Petr"]
[Black "Novotny, Michal"]
[Result "1-0"]
[WhiteElo "2433"]
[BlackElo "2210"]
[PlyCount "85"]
[EventDate "2004.12.26"]

1. c4 Nf6 2. Nc3 d5 3. cxd5 Nxd5 4. Nf3 g6 5. e4 Nxc3 6. dxc3 Qxd1+ 7. Kxd1 Bg7
8. Bf4 c6 9. a4 Nd7 10. Nd2 O-O 11. a5 Ne5 12. f3 Be6 13. Kc2 Rfd8 14. Be2 Nd7
15. Be3 Be5 16. g4 Bc7 17. h3 b6 18. f4 f6 19. b4 Kg7 20. Rhd1 c5 21. b5 bxa5
22. Bc4 Bxc4 23. Nxc4 a6 24. Rab1 axb5 25. Rxb5 Rab8 26. Rxb8 Nxb8 27. Rb1 Kf8
28. Rb7 Rd7 29. Nxa5 Bxa5 30. Rxb8+ Kf7 31. Rb5 Bc7 32. Rb7 Ke8 33. f5 Bd6 34.
Rxd7 Kxd7 35. Kd3 gxf5 36. exf5 Kc6 37. Kc4 Be5 38. h4 Bg3 39. g5 fxg5 40. hxg5
Bh4 41. g6 hxg6 42. fxg6 Bf6 43. Bg5 1-0

[Event "Ceske sachove vanoce 2004"]
[Site "Litomysl"]
[Date "2004.12.27"]
[Round "2.9"]
[White "Bartel, Michal"]
[Black "Velicka, Petr"]
[Result "1/2-1/2"]
[WhiteElo "2202"]
[BlackElo "2427"]
[PlyCount "95"]
[EventDate "2004.12.26"]

1. e4 c5 2. Ne2 a6 3. g3 d5 4. Bg2 dxe4 5. Bxe4 Nf6 6. Bg2 Nc6 7. O-O e5 8. d3
Be7 9. Nbc3 O-O 10. h3 Nd4 11. Be3 Bd7 12. g4 Bc6 13. Ne4 Nd5 14. c4 Nc7 15. f4
Nxe2+ 16. Qxe2 exf4 17. Rxf4 Ne6 18. Rff1 Nd4 19. Qf2 f5 20. gxf5 Rxf5 21. Qd2
Rxf1+ 22. Rxf1 Qd7 23. Nc3 Rf8 24. Rxf8+ Kxf8 25. Qf2+ Bf6 26. Bxd4 Qxd4 27.
Bxc6 bxc6 28. Qxd4 Bxd4+ 29. Kg2 Bxc3 30. bxc3 Ke7 31. Kf3 Kf6 32. Ke4 a5 33.
a4 g5 34. d4 cxd4 35. cxd4 Ke6 36. d5+ cxd5+ 37. cxd5+ Kd6 38. Kf5 Kxd5 39.
Kxg5 Kc4 40. Kh6 Kb4 41. Kxh7 Kxa4 42. h4 Kb5 43. h5 a4 44. h6 a3 45. Kg8 a2
46. h7 a1=Q 47. h8=Q Qxh8+ 48. Kxh8 1/2-1/2

[Event "Ceske sachove vanoce 2004"]
[Site "Litomysl"]
[Date "2004.12.27"]
[Round "2.11"]
[White "Vales, Vaclav"]
[Black "Kanovsky, David"]
[Result "0-1"]
[WhiteElo "2194"]
[BlackElo "2392"]
[PlyCount "66"]
[EventDate "2004.12.26"]

1. d4 Nf6 2. Nf3 b6 3. g3 Bb7 4. Bg2 e6 5. O-O c5 6. Bg5 Be7 7. Nc3 a6 8. Bxf6
Bxf6 9. e4 cxd4 10. Nxd4 Qc8 11. Nce2 O-O 12. c3 d6 13. f4 Nd7 14. g4 g6 15.
Nb3 Qc7 16. f5 Rae8 17. fxe6 fxe6 18. Nf4 Bg7 19. Kh1 d5 20. Nh3 dxe4 21. Qe2
Qe5 22. Rfe1 Rf3 23. Nd2 Rxh3 24. Bxh3 e3+ 25. Bg2 exd2 26. Qxd2 Bxg2+ 27. Kxg2
Qc7 28. Rad1 Qb7+ 29. Kg3 Be5+ 30. Kf2 Bxh2 31. Qxd7 Rf8+ 32. Ke3 Rf3+ 33. Kd2
Qxd7+ 0-1

[Event "Ceske sachove vanoce 2004"]
[Site "Litomysl"]
[Date "2004.12.27"]
[Round "2.15"]
[White "Herbold, Manfred"]
[Black "Sabol, Marian"]
[Result "1-0"]
[WhiteElo "2140"]
[BlackElo "2358"]
[PlyCount "45"]
[EventDate "2004.12.26"]

1. Nc3 g6 2. h4 Nf6 3. e4 d6 4. h5 gxh5 5. Be2 Rg8 6. Kf1 Bg4 7. f3 Bd7 8. d4
e5 9. d5 c6 10. Be3 Be7 11. Qe1 Na6 12. dxc6 Bxc6 13. Bxa6 bxa6 14. Rd1 Qd7 15.
Nge2 O-O-O 16. Ng3 d5 17. exd5 Bxd5 18. Nxh5 Bc4+ 19. Kg1 Qc6 20. Rxd8+ Bxd8
21. Nxf6 Qxf6 22. Qf2 Qg6 23. Rh6 1-0

[Event "Ceske sachove vanoce 2004"]
[Site "Litomysl"]
[Date "2004.12.27"]
[Round "2.19"]
[White "Batyte, Daiva"]
[Black "Novak, Pavel"]
[Result "1/2-1/2"]
[WhiteElo "2130"]
[BlackElo "2338"]
[PlyCount "43"]
[EventDate "2004.12.26"]

1. e4 c5 2. Nf3 Nc6 3. c3 Nf6 4. e5 Nd5 5. d4 cxd4 6. cxd4 d6 7. Bc4 e6 8. a3
Be7 9. O-O O-O 10. Qe2 b6 11. Bd2 Bb7 12. Nc3 Nxc3 13. Bxc3 Rc8 14. Rad1 Qc7
15. Bd3 Rfd8 16. d5 Nxe5 17. Nxe5 dxe5 18. dxe6 f6 19. Bxh7+ Kxh7 20. Qh5+ Kg8
21. Qf7+ Kh7 22. Qh5+ 1/2-1/2